El Papa Adriano VI en Catalunya /
Colección:
San Jorge,
; núm. 22 (abril 1956), pàg 30-33
Materias:
Adrià -- VI, -- papa, -- 1459-1523
; Adrià -- VI, -- papa, -- 1459-1523 -- Viatges -- Catalunya
Idioma:
Catalán
MARC
| LEADER | 00000naa a2200000 a 4500 | ||
|---|---|---|---|
| 003 | Arxiu | ||
| 005 | 20260324181507.0 | ||
| 008 | 160829s1956 spcaxx s cat c | ||
| 040 | |a AGDB | ||
| 100 | 1 | |a Monreal y Tejada, Luis, |d 1912-2005 |9 29524 | |
| 245 | 0 | 3 | |a El Papa Adriano VI en Catalunya / |c por Luis Monreal y Tejada |
| 490 | |a San Jorge, |v núm. 22 (abril 1956), pàg 30-33 | ||
| 600 | 0 | 0 | |9 56322 |a Adrià |b VI, |c papa, |d 1459-1523 |
| 600 | 0 | 0 | |9 56323 |a Adrià |b VI, |c papa, |d 1459-1523 |x Viatges |z Catalunya |
| 773 | |g Núm. 22 (abril 1956), pàg 30-33 |t San Jorge | ||
| 901 | |a Arxiu | ||
| 942 | |n 1 |2 udc |c ART | ||
| 952 | |0 0 |1 0 |4 0 |6 REV511 |7 1 |9 66251 |a Arxiu |b Arxiu |d 2023-05-08 |l 0 |o Rev-511 |r 2023-05-08 00:00:00 |w 2023-05-08 |y ARXIU |z També disponible a Rev-525 | ||
| 999 | |c 47986 |d 47986 | ||